Experimentálna jadrová fyzika.

Uložené v:
Podrobná bibliografia
Hlavný autor: USAČEV, S. (Author)
Médium: Kniha
Jazyk:Slovak
Vydané: 1982
Tagy: Pridať tag
Žiadne tagy, Buďte prvý kto otaguje tento záznam!

MARC

LEADER 00000nam a2200000 a 4500
001 000111368
005 00000000000000.0
008 040101s1982 e sloo
041 0 |a slo 
100 1 |a USAČEV, S.  |4 aut 
245 1 0 |a Experimentálna jadrová fyzika. 
260 |c 1982 
500 |a Záznam neprešiel kontrolou 
910 |a svkkk 
998 |a BK 
090 |g SCKHL  |k Sklad Pribinova 1. posch.  |a IV.118147  |j 657655  |i 2720196890  |4 Multiplikát  |s Vyradená 
090 |g SCKHL  |k Sklad Pribinova 1. posch.  |a IV.118148  |j 657656  |i B156541  |s Vyradená 
090 |g SCKHL  |k Sklad Pribinova 1. posch.  |a IV.118149  |j 657657  |i 111368-20  |4 Multiplikát  |s Vyradená 
090 |g SCKHL  |k Sklad Pribinova 1. posch.  |a IV.118150  |j 657658  |i 2720206537  |4 Multiplikát  |s Vyradená 
090 |g SCKHL  |k Sklad Pribinova 1. posch.  |a IV.118151  |j 657659  |i 111368-40  |s Absenčne 
090 |g SCKHL  |k Sklad Pribinova 1. posch.  |a IV.118152  |j 657660  |i 111368-50  |s Absenčne